Epidemiological study of foot and mouth sisease on cattle in prey chhor district kompong cham provinec, (ការសិក្សាអំពីការរាតត្បាតនៃជំងឺអុតក្ដាមគោ នៅស្រុកព្រៃឈរ ខេត្តកំពង់កំពង់ចាម) (Record no. 2741)

000 -LEADER
fixed length control field 00689nam a22001577a 4500
003 - CONTROL NUMBER IDENTIFIER
control field OSt
005 - DATE AND TIME OF LATEST TRANSACTION
control field 20151026152621.0
008 - FIXED-LENGTH DATA ELEMENTS--GENERAL INFORMATION
fixed length control field 151026b xxu||||| |||| 00| 0 eng d
040 ## - CATALOGING SOURCE
Transcribing agency RUA
082 ## - DEWEY DECIMAL CLASSIFICATION NUMBER
Classification number VTF PHA 2003 B112 Or.1
100 ## - MAIN ENTRY--PERSONAL NAME
9 (RLIN) 2925
Personal name PHALL VANNARY
245 ## - TITLE STATEMENT
Title Epidemiological study of foot and mouth sisease on cattle in prey chhor district kompong cham provinec, (ការសិក្សាអំពីការរាតត្បាតនៃជំងឺអុតក្ដាមគោ នៅស្រុកព្រៃឈរ ខេត្តកំពង់កំពង់ចាម)
260 ## - PUBLICATION, DISTRIBUTION, ETC. (IMPRINT)
Place of publication, distribution, etc. Phnom Penh
Name of publisher, distributor, etc. Rua
Date of publication, distribution, etc. 2003
300 ## - PHYSICAL DESCRIPTION
Extent vi; 52p.
Other physical details ill.
Dimensions 29cm.
942 ## - ADDED ENTRY ELEMENTS (KOHA)
Source of classification or shelving scheme
Koha item type VTF
Holdings
Price effective from Date last seen Permanent Location Not for loan Date acquired Source of classification or shelving scheme Koha item type Lost status Withdrawn status Date last checked out Total Checkouts Shelving location Damaged status Barcode Current Location Full call number
2015-10-262016-02-20Library Block B 2015-10-26 VTF  2016-02-171B112 RUA016781Library Block BVTF PHA 2003 B112 Or.1
2015-10-262015-10-26Library Block B 2015-10-26 VTF    B112 RUA008990Library Block BVTF PHA 2003 B112 Or.2
មជ្ឈមណ្ឌលឯការនៃសាកលវិទ្យាល័យភូមិន្ទកសិកម្មចំការដូង

Powered by Koha